[Event "RUS-chT (Women)"]
[Site "Sochi"]
[Date "2022.05.03"]
[Round "3.2"]
[White "Illina, Natalia"]
[Black "Badelka, Olga"]
[Result "0-1"]
[WhiteElo "2099"]
[BlackElo "2453"]
[PlyCount "92"]
[EventDate "2022.05.01"]
[EventType "team-tourn"]
[EventRounds "9"]
[EventCountry "RUS"]
[SourceTitle "CBM 208 Extra"]
[Source "ChessBase"]
[SourceDate "2022.07.31"]
[SourceVersion "1"]
[SourceVersionDate "2022.07.31"]
[SourceQuality "1"]
[WhiteTeam "Krasnodar Krym (W)"]
[BlackTeam "Cheliabinsk Yuzhnyy Ural (W)"]
[WhiteTeamCountry "RUS"]
[BlackTeamCountry "RUS"]

1. e4 c5 2. Nf3 e6 3. d3 Nc6 4. g3 g6 5. Bg2 Bg7 6. 0-0 Nge7 7. Re1 d6 8. Nbd2 0-0 9. c3 e5 10. Nc4 h6 11. a4 Be6 12. Bd2 f5 13. exf5 Nxf5 14. Qe2 Qd7 15. Rad1 Rae8 16. Bc1 Kh7 17. Qc2 Qc7 18. Ne3 Qf7 19. Nc4 Bd5 20. Ncd2 Nfd4 21. cxd4 Nxd4 22. Qb1 Bxf3 23. Nxf3 Nxf3+ 24. Bxf3 Qxf3 25. Qc2 Rf5 26. Rd2 Ref8 27. Qc4 h5 28. Rde2 Qc6 29. Be3 b6 30. b4 d5 31. Qc1 d4 32. Bg5 Qf3 33. bxc5 bxc5 34. h4 Qxd3 35. Rd2 Qb3 36. Rb2 Qf7 37. f4 c4 38. Qb1 Qd5 39. Rb7 d3 40. Qb5 Qd4+ 41. Kg2 exf4 42. Rxg7+ Qxg7 43. Qxc4 d2 44. Rd1 Qb7+ 45. Kg1 fxg3 46. Qd3 g2 0-1

[Event "Moscow op (Women) 17th"]
[Site "Moscow"]
[Date "2021.02.25"]
[Round "6"]
[White "Zeliantsova, Kseniya"]
[Black "Illina, Natalia"]
[Result "0-1"]
[WhiteElo "2166"]
[BlackElo "2081"]
[PlyCount "76"]
[EventDate "2021.02.20"]
[EventType "swiss"]
[EventRounds "9"]
[EventCountry "RUS"]
[SourceTitle "CBM 200 Extra"]
[Source "ChessBase"]
[SourceDate "2021.03.31"]
[SourceVersion "1"]
[SourceVersionDate "2021.03.31"]
[SourceQuality "1"]

1. e4 c5 2. Nf3 e6 3. c4 Nc6 4. Nc3 Nd4 5. Nxd4 cxd4 6. Ne2 e5 7. Ng3 g6 8. Be2 h5 9. 0-0 Bh6 10. d3 Qf6 11. Bxh6 Nxh6 12. f4 exf4 13. Qd2 d6 14. Rxf4 Qe5 15. Raf1 Be6 16. b4 0-0-0 17. c5 Kb8 18. Rc1 Rc8 19. cxd6 Rxc1+ 20. Qxc1 Qxd6 21. Rf2 Qxb4 22. Qf4+ Ka8 23. Nf1 Ng4 24. Bxg4 hxg4 25. Rc2 Qb1 26. Qd2 Rc8 27. Rb2 Qa1 28. Qb4 b6 29. Qxd4 Bxa2 30. Qf2 Be6 31. Qf6 Rc1 32. Qd8+ Kb7 33. Rf2 a5 34. g3 a4 35. Kg2 a3 36. d4 Qb1 37. Re2 Qd3 38. Kf2 Qf3+ 0-1

[Event "Moscow op (Women) 17th"]
[Site "Moscow"]
[Date "2021.02.24"]
[Round "5"]
[White "Illina, Natalia"]
[Black "Nosacheva, Mariya"]
[Result "1-0"]
[WhiteElo "2081"]
[BlackElo "2222"]
[PlyCount "65"]
[EventDate "2021.02.20"]
[EventType "swiss"]
[EventRounds "9"]
[EventCountry "RUS"]
[SourceTitle "CBM 200 Extra"]
[Source "ChessBase"]
[SourceDate "2021.03.31"]
[SourceVersion "1"]
[SourceVersionDate "2021.03.31"]
[SourceQuality "1"]

1. e4 e5 2. Nf3 Nc6 3. Bb5 a6 4. Ba4 Nf6 5. 0-0 Be7 6. Re1 b5 7. Bb3 d6 8. c3 0-0 9. h3 Nb8 10. d4 Nbd7 11. Nbd2 Bb7 12. Bc2 Re8 13. Nf1 Bf8 14. Ng3 g6 15. a4 c5 16. d5 c4 17. Be3 Qe7 18. Nh2 Kh8 19. Qf3 Bg7 20. Bg5 Rf8 21. h4 h5 22. Ngf1 Kg8 23. g4 hxg4 24. Nxg4 Nxg4 25. Qxg4 Nf6 26. Bxf6 Bxf6 27. h5 Kg7 28. Re3 Rh8 29. Rg3 Bc8 30. Qf3 Bd7 31. axb5 axb5 32. Rxa8 Rxa8 33. h6+ 1-0

[Event "Moscow op (Women) 17th"]
[Site "Moscow"]
[Date "2021.02.22"]
[Round "3"]
[White "Illina, Natalia"]
[Black "Vasiljeva, Anna"]
[Result "1-0"]
[WhiteElo "2081"]
[BlackElo "1797"]
[PlyCount "89"]
[EventDate "2021.02.20"]
[EventType "swiss"]
[EventRounds "9"]
[EventCountry "RUS"]
[SourceTitle "CBM 200 Extra"]
[Source "ChessBase"]
[SourceDate "2021.03.31"]
[SourceVersion "1"]
[SourceVersionDate "2021.03.31"]
[SourceQuality "1"]

1. e4 c6 2. d4 d5 3. Nc3 dxe4 4. Nxe4 Nf6 5. Nxf6+ exf6 6. c3 Bd6 7. Bd3 0-0 8. Qc2 Re8+ 9. Ne2 h5 10. 0-0 h4 11. Be3 Nd7 12. Rae1 Qc7 13. h3 Nf8 14. Bc1 g6 15. Kh1 Be6 16. Ng1 Qd7 17. f4 f5 18. Nf3 Be7 19. Qf2 Rad8 20. Bb1 Nh7 21. Nxh4 Bxh4 22. Qxh4 Kg7 23. Re3 Nf6 24. b3 Rh8 25. Qe1 b5 26. Bb2 Bd5 27. Kg1 Rhe8 28. Re5 Re6 29. Qe2 Kg8 30. Bc2 Nh5 31. Qf2 Nf6 32. Qh4 Kg7 33. Qg3 Nh5 34. Qf2 Nf6 35. Rfe1 Rde8 36. Qf1 Kg8 37. c4 bxc4 38. bxc4 Be4 39. Bb3 Nh5 40. Qf2 Qd8 41. Rd1 Nf6 42. Qh4 Qc7 43. d5 cxd5 44. Rxe6 Rxe6 45. Bxf6 1-0

[Event "RUS-chT (Women)"]
[Site "Sochi"]
[Date "2020.11.19"]
[Round "1.4"]
[White "Lesnykh, Zhanna"]
[Black "Illina, Natalia"]
[Result "0-1"]
[WhiteElo "1755"]
[BlackElo "2072"]
[PlyCount "152"]
[EventDate "2020.11.19"]
[EventType "team-swiss"]
[EventRounds "9"]
[EventCountry "RUS"]
[SourceTitle "CBM 199 Extra"]
[Source "ChessBase"]
[SourceDate "2021.01.31"]
[SourceVersion "1"]
[SourceVersionDate "2021.01.31"]
[SourceQuality "1"]
[WhiteTeam "Voronezh Turbonasos (W)"]
[BlackTeam "Krym Kimmeriya (W)"]
[WhiteTeamCountry "RUS"]
[BlackTeamCountry "RUS"]

1. e4 c5 2. Nf3 e6 3. d4 cxd4 4. Nxd4 Nc6 5. Nxc6 bxc6 6. Nc3 Nf6 7. e5 Nd5 8. Nxd5 cxd5 9. Bd3 Rb8 10. 0-0 Qc7 11. f4 Be7 12. Qh5 g6 13. Qh6 Bf8 14. Qg5 Bg7 15. b3 Qc5+ 16. Kh1 0-0 17. Bb2 Qa5 18. h4 Ba6 19. h5 Bxd3 20. cxd3 Qd2 21. Ba3 Rfe8 22. hxg6 fxg6 23. Rf3 Qa5 24. Bd6 Rxb3 25. axb3 Qxa1+ 26. Kh2 Qe1 27. Rh3 Qf2 28. b4 Bf8 29. Rf3 Qe1 30. Bxf8 Rxf8 31. Qe7 Rf7 32. Qd8+ Kg7 33. Qa5 Qh4+ 34. Kg1 Qe1+ 35. Kh2 Qd2 36. Qxa7 Qxb4 37. Qf2 Qf8 38. Qe3 Kg8 39. Kg1 Qh6 40. Qf2 Qf8 41. Qe3 Qb4 42. Rf1 Rf8 43. Rf2 Rc8 44. Kh2 Rf8 45. Rf3 Ra8 46. Qc1 Qb7 47. Qc5 Rf8 48. Qe7 Qc8 49. Rh3 Rf7 50. Qh4 Qf8 51. Kh1 Qc5 52. Rf3 Kg7 53. Kh2 Qb4 54. Qf2 Qf8 55. Qe3 Kg8 56. Qf2 Qh6+ 57. Kg1 Qh5 58. Qg3 Rf8 59. Qf2 Qg4 60. Qe3 Rf5 61. Qc1 Kg7 62. Kf2 Qh4+ 63. Kg1 Qg4 64. Kf2 h6 65. Qc7 Qh4+ 66. Kf1 Rf7 67. Ke2 h5 68. Qc1 Qg4 69. Kf2 h4 70. Qe3 Rf5 71. Qa7 Rxf4 72. Qxd7+ Kh6 73. Qd8 Rxf3+ 74. gxf3 Qg3+ 75. Ke2 Qxe5+ 76. Kd2 Qg5+ 0-1

[Event "Murmansk ChessMates 4th"]
[Site "Murmansk"]
[Date "2020.03.14"]
[Round "3.2"]
[White "Vlachos, Anatole"]
[Black "Illina, Natalia"]
[Result "1-0"]
[WhiteElo "2403"]
[BlackElo "2081"]
[PlyCount "57"]
[EventDate "2020.03.13"]
[EventType "team-tourn"]
[EventRounds "5"]
[EventCountry "RUS"]
[SourceTitle "CBM 195 Extra"]
[Source "ChessBase"]
[SourceDate "2020.05.31"]
[SourceVersion "1"]
[SourceVersionDate "2020.05.31"]
[SourceQuality "1"]
[WhiteTeam "Ile de France Youth"]
[BlackTeam "Novorossiysk"]
[WhiteTeamCountry "FRA"]
[BlackTeamCountry "RUS"]

1. c4 e5 2. g3 Nc6 3. Bg2 g6 4. Nc3 Bg7 5. Rb1 a5 6. a3 d6 7. d3 f5 8. e3 Be6 9. Nge2 Nf6 10. 0-0 0-0 11. b4 axb4 12. axb4 Rb8 13. f4 Ne7 14. Qd2 c6 15. b5 Qd7 16. Ba3 Ra8 17. Rb3 e4 18. Nd4 Bf7 19. bxc6 bxc6 20. Rfb1 Rfc8 21. Nc2 d5 22. dxe4 dxc4 23. Qxd7 Nxd7 24. Rb7 Be6 25. e5 c5 26. Rd1 Rd8 27. Rbxd7 Rxd7 28. Rxd7 Rxa3 29. Rd8+ 1-0

[Event "RUS-chT rapid (Women)"]
[Site "Sochi"]
[Date "2019.10.18"]
[Round "2.4"]
[White "Illina, Natalia"]
[Black "Markelova, Lubov"]
[Result "1-0"]
[WhiteElo "2081"]
[BlackElo "2198"]
[PlyCount "111"]
[EventDate "2019.10.18"]
[EventType "team-tourn (rapid)"]
[EventRounds "9"]
[EventCountry "RUS"]
[SourceTitle "CBM 192 Extra"]
[Source "Chessbase"]
[SourceDate "2019.11.06"]
[SourceVersion "1"]
[SourceVersionDate "2019.11.06"]
[SourceQuality "1"]
[WhiteTeam "Cimmeria (Crimea) (W)"]
[BlackTeam "Rook (Tatarstan) (W)"]
[WhiteTeamCountry "RUS"]
[BlackTeamCountry "RUS"]

1. e4 e6 2. d4 d5 3. Nd2 c5 4. exd5 Qxd5 5. Ngf3 cxd4 6. Bc4 Qd6 7. 0-0 Nf6 8. Nb3 Nc6 9. Nbxd4 Nxd4 10. Nxd4 a6 11. Re1 Qc7 12. Bb3 Bd6 13. Nf5 Bxh2+ 14. Kh1 h5 15. Nxg7+ Kf8 16. Qd4 e5 17. Qb4+ Kxg7 18. Kxh2 Ng4+ 19. Kg1 Bf5 20. Qc3 Qxc3 21. bxc3 Rhe8 22. f3 Nf6 23. Ba3 b5 24. Bd6 e4 25. Bc5 Kg6 26. a4 exf3 27. gxf3 bxa4 28. Bxa4 Rxe1+ 29. Rxe1 Be6 30. Kf2 h4 31. Rg1+ Kf5 32. Be3 Nd5 33. Bd2 Rh8 34. Rg5+ Kf6 35. Bc6 Ne7 36. Be4 Ng6 37. c4 h3 38. Rxg6+ fxg6 39. Bc3+ Kg5 40. Bxh8 Bxc4 41. Kg3 Be6 42. Bg7 Kh5 43. f4 g5 44. f5 Bc4 45. Bf3+ g4 46. Bxg4+ Kg5 47. Bxh3 a5 48. Ba1 a4 49. Kf3 Bd5+ 50. Ke3 Kh4 51. Bf1 Kg5 52. Bd3 a3 53. Kd4 Bf7 54. c4 Kf6 55. c5 Ke7 56. Ke5 1-0

[Event "RUS-chT rapid (Women)"]
[Site "Sochi"]
[Date "2019.10.18"]
[Round "1.4"]
[White "Mikheeva, Galina"]
[Black "Illina, Natalia"]
[Result "0-1"]
[WhiteElo "1881"]
[BlackElo "2081"]
[PlyCount "66"]
[EventDate "2019.10.18"]
[EventType "team-tourn (rapid)"]
[EventRounds "9"]
[EventCountry "RUS"]
[SourceTitle "CBM 192 Extra"]
[Source "Chessbase"]
[SourceDate "2019.11.06"]
[SourceVersion "1"]
[SourceVersionDate "2019.11.06"]
[SourceQuality "1"]
[WhiteTeam "Yamal Nenets Region (W)"]
[BlackTeam "Cimmeria (Crimea) (W)"]
[WhiteTeamCountry "RUS"]
[BlackTeamCountry "RUS"]

1. e4 c5 2. Nc3 e6 3. g3 d5 4. exd5 exd5 5. Bg2 Nf6 6. d3 Be7 7. Nf3 d4 8. Ne2 0-0 9. 0-0 Nc6 10. h3 Re8 11. Bf4 Nd5 12. Re1 Be6 13. Qd2 h6 14. g4 Bd6 15. Bxd6 Qxd6 16. c4 dxc3 17. bxc3 Rad8 18. Rad1 Re7 19. d4 Red7 20. Ng3 cxd4 21. cxd4 Qb4 22. Ne5 Nxe5 23. dxe5 Nc3 24. a3 Rxd2 25. Rxd2 Qa5 26. Rxd8+ Qxd8 27. Bxb7 Bd5 28. Bxd5 Qxd5 29. Re3 Qd1+ 30. Kg2 Nd5 31. Re4 Qd2 32. a4 Nf4+ 33. Kf3 Nxh3 0-1

[Event "RUS-ch rapid (Women)"]
[Site "Sochi"]
[Date "2019.10.16"]
[Round "9"]
[White "Illina, Natalia"]
[Black "Kovanova, Baira"]
[Result "0-1"]
[WhiteElo "2081"]
[BlackElo "2288"]
[PlyCount "60"]
[EventDate "2019.10.15"]
[EventType "swiss"]
[EventRounds "11"]
[EventCountry "RUS"]
[SourceTitle "CBM 192 Extra"]
[Source "Chessbase"]
[SourceDate "2019.11.06"]
[SourceVersion "1"]
[SourceVersionDate "2019.11.06"]
[SourceQuality "1"]

1. e4 e5 2. Nf3 d6 3. c3 Nf6 4. Bd3 g6 5. Bc2 Bg7 6. d4 Nbd7 7. 0-0 0-0 8. dxe5 dxe5 9. Qe2 Nh5 10. Rd1 h6 11. Na3 Qf6 12. Be3 Re8 13. Nb5 Qc6 14. a4 a6 15. Na3 Ndf6 16. Nd2 Nf4 17. Qc4 Bd7 18. g3 Nh3+ 19. Kg2 Ng5 20. Qxc6 Bxc6 21. f3 b5 22. b4 Ne6 23. a5 g5 24. h3 h5 25. Bg1 g4 26. fxg4 Ng5 27. Re1 Rad8 28. Rad1 Nxg4 29. Nab1 Nf6 30. Bc5 Ngxe4 0-1

[Event "RUS-ch rapid (Women)"]
[Site "Sochi"]
[Date "2018.10.05"]
[Round "1.11"]
[White "Illina, Natalia"]
[Black "Kovanova, Baira"]
[Result "0-1"]
[WhiteElo "2106"]
[BlackElo "2350"]
[PlyCount "82"]
[EventDate "2018.10.05"]
[EventType "swiss (rapid)"]
[EventRounds "11"]
[EventCountry "RUS"]
[SourceTitle "CBM 186 Extra"]
[Source "ChessBase"]
[SourceDate "2018.08.24"]
[SourceVersion "1"]
[SourceVersionDate "2018.08.24"]
[SourceQuality "1"]

1. e4 e5 2. Nf3 Nc6 3. Bb5 a6 4. Ba4 Nge7 5. c3 g6 6. 0-0 Bg7 7. d4 exd4 8. cxd4 b5 9. Bc2 d6 10. d5 Na5 11. Nbd2 0-0 12. Rb1 c5 13. h3 c4 14. b4 Nb7 15. Re1 f5 16. Nf1 f4 17. Bb2 c3 18. Ba1 a5 19. a3 axb4 20. axb4 Qc7 21. Qd3 Bd7 22. Nd4 Rfc8 23. Nxb5 Qb6 24. Nxc3 Rxa1 25. Rxa1 Rxc3 26. Ra8+ Kf7 27. Qd2 Be5 28. Rb1 Kg7 29. Nh2 Qc7 30. Bd3 g5 31. Nf3 Bf6 32. h4 h6 33. g3 g4 34. Ne1 fxg3 35. fxg3 Ng6 36. e5 Bxe5 37. Bxg6 Rxg3+ 38. Kh1 Rh3+ 39. Kg1 Qb6+ 40. Qf2 Rh1+ 41. Kxh1 Qxf2 0-1

[Event "Moscow op-B (Women) 14th"]
[Site "Moscow"]
[Date "2018.02.03"]
[Round "8"]
[White "Illina, Natalia"]
[Black "Gritsayeva, Oksana"]
[Result "1/2-1/2"]
[WhiteElo "2169"]
[BlackElo "2383"]
[PlyCount "85"]
[EventDate "2018.01.27"]
[EventType "swiss"]
[EventRounds "9"]
[EventCountry "RUS"]
[SourceTitle "CBM 182 Extra"]
[Source "ChessBase"]
[SourceDate "2018.02.23"]
[SourceVersion "1"]
[SourceVersionDate "2018.02.23"]
[SourceQuality "1"]

1. e4 c5 2. Nf3 e6 3. g3 Nc6 4. Bg2 Nf6 5. Qe2 d5 6. exd5 Nxd5 7. 0-0 Be7 8. Rd1 0-0 9. d4 cxd4 10. Nxd4 Nxd4 11. Rxd4 Bf6 12. Rd1 Qb6 13. c4 Ne7 14. Nc3 Nc6 15. Nb5 e5 16. Rd6 Nd4 17. Qh5 Qa5 18. Be3 Nxb5 19. cxb5 Be6 20. Bxb7 Rad8 21. Rxd8 Rxd8 22. Be4 h6 23. Qe2 Qb4 24. Bc6 Bc4 25. Qc2 Bd3 26. Qc3 Qg4 27. Bg2 e4 28. Qb3 Qe2 29. Bf1 Qxb2 30. Qxb2 Bxb2 31. Rd1 Rd7 32. Bxd3 exd3 33. Kf1 Bc3 34. Bd2 Bxd2 35. Rxd2 Rd5 36. a4 Rd4 37. Ke1 Kf8 38. Ra2 Ke7 39. Kd2 Kd6 40. Ra3 Kc7 41. a5 Rb4 42. b6+ axb6 43. axb6+ 1/2-1/2

[Event "St Petersburg Chess Day"]
[Site "St Petersburg"]
[Date "2016.07.19"]
[Round "5"]
[White "Schekachikhin, Maksim"]
[Black "Illina, Natalia"]
[Result "1-0"]
[WhiteElo "2321"]
[BlackElo "2051"]
[PlyCount "155"]
[EventDate "2016.07.16"]
[EventType "tourn"]
[EventRounds "9"]
[EventCountry "RUS"]
[EventCategory "4"]
[SourceTitle "EXT 2017"]
[Source "ChessBase"]
[SourceDate "2016.10.25"]
[SourceVersion "1"]
[SourceVersionDate "2016.10.25"]
[SourceQuality "1"]

1. d4 Nf6 2. c4 e6 3. Nc3 Bb4 4. Qc2 0-0 5. Nf3 c5 6. dxc5 Na6 7. g3 Nxc5 8. Bg2 Nce4 9. 0-0 Nxc3 10. bxc3 Be7 11. e4 d6 12. e5 dxe5 13. Nxe5 Qc7 14. Qe2 Bd6 15. Re1 Ne8 16. a4 f6 17. Nf3 e5 18. Be3 Be6 19. Nd2 Rc8 20. a5 b6 21. Reb1 Bc5 22. Bxc5 Qxc5 23. axb6 axb6 24. Rb5 Qc7 25. Rab1 Nd6 26. Rxb6 Bf7 27. Rc6 Qxc6 28. Bxc6 Rxc6 29. Rb4 Rfc8 30. Qg4 R6c7 31. h4 h5 32. Qf3 Rc6 33. Rb8 e4 34. Rxc8+ Rxc8 35. Nxe4 Nxc4 36. Qd1 Re8 37. f3 Kf8 38. Qd4 Kg8 39. Kf2 Ra8 40. g4 hxg4 41. fxg4 Re8 42. Kg3 Re5 43. g5 f5 44. Nd6 Rd5 45. Qxc4 Rxd6 46. Qc8+ Kh7 47. Qxf5+ Kg8 48. Qc8+ Kh7 49. Kf4 Rd3 50. Qc5 Rd1 51. Qe3 Rf1+ 52. Ke5 Ra1 53. Qf3 Kg8 54. Kd6 Ra6+ 55. Kc5 Ra4 56. Qg3 g6 57. Kd6 Ra6+ 58. Ke5 Ra5+ 59. Kd4 Ra4+ 60. Kd3 Kg7 61. Qf2 Kg8 62. Ke3 Rc4 63. Kd2 Ra4 64. Kd3 Bc4+ 65. Kd4 Bf7+ 66. Ke5 Ra5+ 67. Kd6 Ra6+ 68. Ke7 Re6+ 69. Kd7 Re4 70. Qf3 Rc4 71. Ke7 Rc7+ 72. Kf6 Rc8 73. c4 Rf8 74. Ke7 Re8+ 75. Kd7 Re5 76. Qa8+ Kh7 77. Qf8 Rf5 78. Ke7 1-0

[Event "St Petersburg Chess Day"]
[Site "St Petersburg"]
[Date "2016.07.18"]
[Round "4"]
[White "Illina, Natalia"]
[Black "Bajarani, Ilgar"]
[Result "0-1"]
[WhiteElo "2051"]
[BlackElo "2292"]
[PlyCount "94"]
[EventDate "2016.07.16"]
[EventType "tourn"]
[EventRounds "9"]
[EventCountry "RUS"]
[EventCategory "4"]
[SourceTitle "EXT 2017"]
[Source "ChessBase"]
[SourceDate "2016.10.25"]
[SourceVersion "1"]
[SourceVersionDate "2016.10.25"]
[SourceQuality "1"]

1. e4 d5 2. exd5 Nf6 3. Nf3 Nxd5 4. d4 g6 5. Be2 Bg7 6. 0-0 0-0 7. c4 Nb6 8. Nc3 Nc6 9. Be3 Bg4 10. d5 Bxf3 11. gxf3 Ne5 12. c5 Nc8 13. f4 Nd7 14. c6 bxc6 15. dxc6 Nf6 16. Qxd8 Rxd8 17. Nb5 Ne8 18. Rfd1 Ncd6 19. Nxa7 Rdb8 20. a4 Rxb2 21. Bd3 Rb4 22. Rdb1 Rd4 23. Ra3 Rxa7 24. Bxd4 Bxd4 25. a5 Nf6 26. Ra4 e5 27. fxe5 Bxe5 28. Rb8+ Kg7 29. a6 Nd5 30. Ra5 Ne7 31. Rb7 Bd4 32. Ra4 Nxc6 33. Rxd4 Nxb7 34. axb7 Rxb7 35. Ra4 Ra7 36. Rf4 f5 37. Bb5 Ne5 38. Kg2 Kf6 39. Rd4 Ra2 40. Kg3 Ra3+ 41. Kg2 Rc3 42. Rh4 h5 43. Ra4 c6 44. Be2 Rc2 45. Bd1 Rd2 46. Bb3 g5 47. Ra1 g4 0-1

[Event "St Petersburg Chess Day"]
[Site "St Petersburg"]
[Date "2016.07.17"]
[Round "3"]
[White "Usmanov, Vasily"]
[Black "Illina, Natalia"]
[Result "1-0"]
[WhiteElo "2422"]
[BlackElo "2051"]
[PlyCount "63"]
[EventDate "2016.07.16"]
[EventType "tourn"]
[EventRounds "9"]
[EventCountry "RUS"]
[EventCategory "4"]
[SourceTitle "EXT 2017"]
[Source "ChessBase"]
[SourceDate "2016.10.25"]
[SourceVersion "1"]
[SourceVersionDate "2016.10.25"]
[SourceQuality "1"]

1. d4 Nf6 2. c4 e6 3. Nc3 Bb4 4. e3 b6 5. Nge2 Bb7 6. a3 Be7 7. Ng3 d6 8. e4 0-0 9. Bd3 Nbd7 10. 0-0 c5 11. d5 Ne5 12. Be2 Ne8 13. f4 Ng6 14. dxe6 fxe6 15. Bh5 Nh4 16. Bg4 Nc7 17. Be3 a6 18. Bh3 Kh8 19. Qb3 Rb8 20. Rad1 b5 21. Bxc5 bxc4 22. Qxc4 d5 23. Qb4 Bxc5+ 24. Qxc5 Ba8 25. b4 Nb5 26. Nxb5 Rxb5 27. Qd4 Ng6 28. Bxe6 Nxf4 29. Rxf4 Rxf4 30. Nh5 Qg5 31. Nxf4 Qxf4 32. Rf1 1-0

[Event "St Petersburg-ch (Women)"]
[Site "St Petersburg"]
[Date "2016.03.26"]
[Round "7"]
[White "Illina, Natalia"]
[Black "Styazhkina, Anna"]
[Result "0-1"]
[WhiteElo "1945"]
[BlackElo "2246"]
[PlyCount "50"]
[EventDate "2016.03.20"]
[EventType "swiss"]
[EventRounds "9"]
[EventCountry "RUS"]
[SourceTitle "CBM 171 Extra"]
[Source "ChessBase"]
[SourceDate "2016.04.26"]
[SourceVersion "1"]
[SourceVersionDate "2016.04.26"]
[SourceQuality "1"]

1. e4 e5 2. Nf3 Nc6 3. Bc4 Bc5 4. c3 Nf6 5. d4 exd4 6. e5 d5 7. Bb5 Ne4 8. cxd4 Bb6 9. Be3 0-0 10. Nc3 Bg4 11. Qc2 Bf5 12. Qa4 Ne7 13. 0-0 f6 14. exf6 Nxf6 15. Ne5 c6 16. Be2 Ng6 17. g4 Be4 18. Nxe4 Nxe4 19. Nxg6 hxg6 20. Kg2 Qh4 21. f3 Ng5 22. Qd1 Bc7 23. Bg1 Nh3 24. Qe1 Qh6 25. Kh1 Nxg1 0-1

[Event "Chigorin Memorial 23rd"]
[Site "St Petersburg"]
[Date "2015.10.10"]
[Round "8"]
[White "Illina, Natalia"]
[Black "Selezneva, Ekaterina"]
[Result "1-0"]
[WhiteElo "2041"]
[BlackElo "1700"]
[PlyCount "75"]
[EventDate "2015.10.03"]
[EventType "swiss"]
[EventRounds "9"]
[EventCountry "RUS"]
[SourceTitle "CBM 168 Extra"]
[Source "ChessBase"]
[SourceDate "2015.10.29"]
[SourceVersion "1"]
[SourceVersionDate "2015.10.29"]
[SourceQuality "1"]

1. e4 c5 2. Nf3 d6 3. Bb5+ Bd7 4. Bxd7+ Qxd7 5. 0-0 Nf6 6. Qe2 Nc6 7. c3 e6 8. d4 cxd4 9. cxd4 d5 10. e5 Ne4 11. Rd1 Be7 12. Ne1 f6 13. f3 Ng5 14. Bxg5 fxg5 15. Nc2 0-0 16. Nc3 Rac8 17. Rac1 b6 18. Kh1 Rf4 19. Qb5 Qe8 20. Ne2 Rh4 21. Ne3 Rh6 22. Rc2 Nb8 23. Qxe8+ Rxe8 24. Rc7 a6 25. Rdc1 Kf8 26. a3 Rg6 27. Rb7 b5 28. g4 h5 29. gxh5 Rh6 30. Ng3 Rh8 31. Rcc7 Kf7 32. Nxd5 exd5 33. Nf5 Rxh5 34. Nxe7 Reh8 35. Nf5+ Kg6 36. Rxg7+ Kxf5 37. Rbf7+ Ke6 38. Rf6# 1-0

[Event "Chigorin Memorial 23rd"]
[Site "St Petersburg"]
[Date "2015.10.09"]
[Round "7"]
[White "Volkov, Anton"]
[Black "Illina, Natalia"]
[Result "1-0"]
[WhiteElo "2255"]
[BlackElo "2041"]
[PlyCount "73"]
[EventDate "2015.10.03"]
[EventType "swiss"]
[EventRounds "9"]
[EventCountry "RUS"]
[SourceTitle "CBM 168 Extra"]
[Source "ChessBase"]
[SourceDate "2015.10.29"]
[SourceVersion "1"]
[SourceVersionDate "2015.10.29"]
[SourceQuality "1"]

1. d4 Nf6 2. c4 e6 3. g3 Bb4+ 4. Bd2 Qe7 5. Nf3 Nc6 6. Nc3 Bxc3 7. Bxc3 Ne4 8. Rc1 0-0 9. Bg2 d6 10. d5 Nxc3 11. Rxc3 Nd8 12. 0-0 Bd7 13. b4 Qf6 14. Qd2 Rb8 15. e4 Re8 16. Nd4 e5 17. Nb5 a6 18. Nxc7 Re7 19. b5 Bg4 20. b6 Rc8 21. a4 Rexc7 22. bxc7 Rxc7 23. h3 Bc8 24. Rb1 Qe7 25. c5 dxc5 26. d6 Qd7 27. Qd5 Rc6 28. Rd1 Ne6 29. Qxe5 b5 30. f4 c4 31. axb5 Rc5 32. Rd5 f6 33. Qf5 g6 34. Qxf6 axb5 35. Rxc5 Nxc5 36. e5 Nd3 37. Bd5+ 1-0

[Event "Chigorin Memorial 23rd"]
[Site "St Petersburg"]
[Date "2015.10.05"]
[Round "3"]
[White "Iljin, Timofey"]
[Black "Illina, Natalia"]
[Result "1-0"]
[WhiteElo "2266"]
[BlackElo "2041"]
[PlyCount "111"]
[EventDate "2015.10.03"]
[EventType "swiss"]
[EventRounds "9"]
[EventCountry "RUS"]
[SourceTitle "CBM 168 Extra"]
[Source "ChessBase"]
[SourceDate "2015.10.29"]
[SourceVersion "1"]
[SourceVersionDate "2015.10.29"]
[SourceQuality "1"]

1. d4 Nf6 2. c4 e6 3. Nc3 Bb4 4. e3 b6 5. Bd3 Bb7 6. Nf3 0-0 7. 0-0 Bxc3 8. bxc3 Ne4 9. Ne1 f5 10. f3 Ng5 11. Qe2 c5 12. Nc2 d6 13. e4 Kh8 14. exf5 exf5 15. Bf4 Nf7 16. Rae1 Nc6 17. Qe6 Bc8 18. Qd5 Qd7 19. g4 g6 20. gxf5 gxf5 21. Kf2 Rb8 22. Rg1 Ne7 23. Qxd6 Qxd6 24. Bxd6 Nxd6 25. Rxe7 Rb7 26. Rgg7 Rxe7 27. Rxe7 Rf7 28. Re5 Ba6 29. dxc5 bxc5 30. Rxc5 Ne4+ 31. fxe4 fxe4+ 32. Ke3 exd3 33. Kxd3 Kg7 34. Nb4 Bb7 35. Ra5 Bc8 36. c5 Kf8 37. Kd4 Ke8 38. Nd5 Bb7 39. c4 Kd8 40. Ke5 Kc8 41. Kd6 Rd7+ 42. Ke6 Rg7 43. Ra3 Rg6+ 44. Kf5 Rg7 45. Rg3 Rxg3 46. hxg3 Ba6 47. Ne3 Kd7 48. Ke5 Kc6 49. Kd4 Bc8 50. Nd5 Bg4 51. Nf6 Bf5 52. g4 Bg6 53. g5 Bf5 54. a3 Bg6 55. Nd5 Kd7 56. c6+ 1-0